Loading...
Beliefs | 10 | 11.00 | 100% | 10% | 0% |
Fine Arts - Classical Music and Opera | 5 | 20.00 | 100% | 60% | 40% |
Fine Arts - Other Fine Arts | 4 | 22.50 | 100% | 75% | 50% |
Fine Arts - Visual Fine Arts | 10 | 20.00 | 100% | 90% | 10% |
Geography | 2 | 10.00 | 100% | 0% | 0% |
History - European History | 8 | 13.75 | 88% | 25% | 25% |
History - Other History | 5 | 10.00 | 80% | 20% | 0% |
History - US History | 9 | 11.11 | 67% | 33% | 11% |
History - World History | 9 | 11.11 | 100% | 11% | 0% |
Literature - American Literature | 3 | 20.00 | 100% | 67% | 33% |
Literature - British Literature | 3 | 13.33 | 67% | 67% | 0% |
Literature - European Literature | 8 | 18.75 | 100% | 63% | 25% |
Literature - World Literature | 5 | 18.00 | 100% | 60% | 20% |
Modern World | 5 | 10.00 | 80% | 20% | 0% |
Other Academic | 3 | 13.33 | 67% | 67% | 0% |
Philosophy | 9 | 14.44 | 100% | 33% | 11% |
Science - Astronomy | 1 | 10.00 | 0% | 100% | 0% |
Science - Biology | 8 | 13.75 | 88% | 50% | 0% |
Science - Chemistry | 2 | 20.00 | 100% | 100% | 0% |
Science - Earth Science | 3 | 16.67 | 100% | 33% | 33% |
Science - Other Science | 7 | 14.29 | 71% | 43% | 29% |
Science - Physics | 4 | 15.00 | 100% | 25% | 25% |
Social Science | 5 | 14.00 | 100% | 40% | 0% |